F1 2022 Emilia Romagna e del Made in Italy GP - Statistics

General Stats
  • This quiz has been taken 53 times
  • The average score is 8 of 15
Answer Stats
Hint Answer % Correct
Driver with the most points in a single weekend since the 2014 Abu Dhabi GP Max Verstappen
95%
Peculiar format of the weekend Sprint Weekend
92%
Mr. Consistent George Russell
84%
3 times world champion who had a fatal crash at the circuit Ayrton Senna
76%
Driver who held the previous record before broken this weekend Lewis Hamilton
76%
World champion who was lapped Lewis Hamilton
74%
Highest finishing driver with a Ferrari engine Valtteri Bottas
63%
Team with their first points of the season Aston Martin
55%
First team to change into dry tyres during the GP Mclaren
55%
Retired driver whose record number of wins was surpassed this weekend Kimi Raikkonen
42%
Driver who crashed in the first lap of the sprint race Zhou Guanyu
42%
Driver who finished outside of the points due to a time penalty Esteban Ocon
34%
Driver whose car had a partial explosion during the weekend Alexander Albon
32%
Featured area where the audience watched the podium sitters talk about the race Cooldown-room
16%
Famous italian name of turns 11,12 and 13 Acque Minerali
8%
No matching quizzes found
Score Distribution
Percent of People with Each Score
Percentile by Number Answered
Your Score History
You have not taken this quiz